Countries With an L in Each Position - Statistics

General Stats
  • This quiz has been taken 14,749 times
  • The average score is 7 of 8
Answer Stats
L in Position Countries % Correct
1 Laos | Latvia | Lebanon | Lesotho | Liberia | Libya | Liechtenstein | Lithuania | Luxembourg
100%
3 Belarus | Belgium | Belize | Bolivia | Bulgaria | Colombia | Malawi | Malaysia | Maldives | Mali | Malta | Moldova | Palau | Poland
96%
2 Albania | Algeria | Slovakia | Slovenia
94%
4 Chile | Finland | Iceland | Ireland | Italy | Philippines
91%
5 Angola | Bangladesh | Nepal | Somalia | Thailand | Tuvalu
85%
7 Australia | Netherlands | Senegal | +1 other
85%
6 Brazil | Israel | Mongolia
83%
8 Guatemala | Portugal | Switzerland | Venezuela | +1 other
82%
No matching quizzes found
Score Distribution
Percent of People with Each Score
Percentile by Number Answered
Your Score History
You have not taken this quiz